| 000 | 01246cam a2200337 i 4500 | ||
|---|---|---|---|
| 999 |
_c200429148 _d47072 |
||
| 001 | 200429148 | ||
| 003 | TR-AnTOB | ||
| 005 | 20190801084244.0 | ||
| 007 | ta | ||
| 008 | 150317s2010 tu a 010 0 tur d | ||
| 020 | _a9789754095951 | ||
| 040 |
_aSTF _beng _erda _cSTF _dOCLCF _dDLC _dTR-AnTOB |
||
| 041 | _atur | ||
| 050 | 0 | 0 | _aDR46.9.E3 |
| 090 |
_aDR46.9.E3 _bH3 2010 |
||
| 100 |
_aHayta, Necdet, _d1964 _eauthor. _977280 |
||
| 245 | 1 | 0 |
_aBalkan savaṣları'nda Edirne / _cNecdet Hayta, Togay Seçkin Birbudak. |
| 264 | 1 |
_aAnkara : _bGenelkurmay Askeri Tarih ve Stratejik Etüt Başkanlığı Yayınları, _c2010. |
|
| 300 |
_a162,452 pages : _billustrations, _c24 cm. |
||
| 336 |
_atext _btxt _2rdacontent |
||
| 337 |
_aunmediated _bn _2rdamedia |
||
| 338 |
_avolume _bnc _2rdacarrier |
||
| 500 | _aGenelkurmay Askeri Tarih ve Stratejik Etüt (ATASE) Başkanlığı Yayınları, | ||
| 504 | _aIncludes bibliographical references( pages 143-162). | ||
| 590 | _aDonated by Levent Kuşoğlu. | ||
| 651 | 0 |
_aEdirne (Turkey) _xHistory _ySiege, 1912-1913 _9117171 |
|
| 651 | 0 |
_aBalkan Peninsula _xHistory _yWar of 1912-1913 _xCampaigns _9119112 |
|
| 700 |
_aBirbudak, Togay Seçkin _9119285 |
||
| 942 |
_2lcc _cBK |
||